|
|
|
|
| LEADER |
00601 a2200157 4500 |
| 008 |
201016b ||||| |||| 00| 0 eng d |
| 020 |
|
|
|a 9789387587861
|
| 082 |
|
|
|a 954.0258
|
| 100 |
1 |
|
|a Sarkar, Jadunath,
|9 31086
|d 1870-1958
|
| 245 |
|
|
|a Studies in Aurangzib's reign /
|c Jadunath Sarkar
|
| 260 |
|
|
|b B.R. Publishing,
|c 2019
|a New Delhi :
|
| 300 |
|
|
|a 301 p. ;
|c 19 cm.
|
| 650 |
|
0 |
|9 1579400
|a Mughal period
|x History
|z India
|
| 942 |
|
|
|2 ddc
|c BK
|
| 999 |
|
|
|c 347377
|d 347377
|
| 952 |
|
|
|0 0
|1 0
|2 ddc
|4 0
|6 954_025800000000000_SAR_S
|7 0
|9 400260
|a UL
|b UL
|c ST1
|d 2020-11-02
|e 176
|g 684.00
|l 0
|o 954.0258 SAR/S
|p 101817
|r 2020-11-02
|v 950.00
|y BK
|